Manual de la construcción con concreto / (Registro nro. 810)

Detalles MARC
000 -LEADER
campo de control de longitud fija 02308nam a22005417a 4500
001 - NÚMERO DE CONTROL
campo de control 42835
003 - IDENTIFICADOR DE NÚMERO DE CONTROL
campo de control gtgccic
005 - FECHA Y HORA DE LA ÚLTIMA TRANSACCIÓN
campo de control 20250806155943.0
007 - CAMPO FIJO DE DESCRIPCIÓN FÍSICA--INFORMACIÓN GENERAL
campo de control de longitud fija ta
008 - DATOS DE LONGITUD FIJA--INFORMACIÓN GENERAL
campo de control de longitud fija 250806b mx ||||| |||| 00| 0 spa d
020 ## - NÚMERO INTERNACIONAL ESTÁNDAR DEL LIBRO
Número Internacional Estándar del Libro 9701012534 tomo I
020 ## - NÚMERO INTERNACIONAL ESTÁNDAR DEL LIBRO
Número Internacional Estándar del Libro 9701012542 tomo II
020 ## - NÚMERO INTERNACIONAL ESTÁNDAR DEL LIBRO
Número Internacional Estándar del Libro 9701012526 Obra completa
040 ## - FUENTE DE CATALOGACIÓN
Centro catalogador/agencia de origen gtgccic
Lengua de catalogación spa
Centro/agencia transcriptor gtgccic
Centro/agencia modificador gtgccic
Normas de descripción rda
082 ## - NÚMERO DE LA CLASIFICACIÓN DECIMAL DEWEY
Número de clasificación 691.3 W116 t. 1
082 ## - NÚMERO DE LA CLASIFICACIÓN DECIMAL DEWEY
Número de clasificación 691.3 W116 t. 2
082 ## - NÚMERO DE LA CLASIFICACIÓN DECIMAL DEWEY
Número de clasificación 691.3 W116 t. 1 c. 2
082 ## - NÚMERO DE LA CLASIFICACIÓN DECIMAL DEWEY
Número de clasificación 691.3 W116 t. 2 c. 2
100 1# - ENTRADA PRINCIPAL--NOMBRE DE PERSONA
Nombre de persona Joseph J. Waddell
Término indicativo de función/relación Autor
100 1# - ENTRADA PRINCIPAL--NOMBRE DE PERSONA
Nombre de persona Joseph A. Dobrowolski
Término indicativo de función/relación Autor
245 ## - MENCIÓN DEL TÍTULO
Título Manual de la construcción con concreto /
Mención de responsabilidad, etc. Waddell, Joseph J.
250 ## - MENCION DE EDICION
Mención de edición 3a.
Resto de la mención de edición Traducido del inglés de: Concrete Construction Handbook
264 ## - PRODUCCIÓN, PUBLICACIÓN, DISTRIBUCIÓN, FABRICACIÓN Y COPYRIGHT
Producción, publicación, distribución, fabricación y copyright México :
Nombre del de productor, editor, distribuidor, fabricante McGraw-Hill ;
Fecha de producción, publicación, distribución, fabricación o copyright 1997.
300 ## - DESCRIPCIÓN FÍSICA
Extensión p. irrreg. :
Otras características físicas il. ;
Dimensiones 23 cm
336 ## - TIPO DE CONTENIDO
Fuente rdacontenido
Término de tipo de contenido texto
Código de tipo de contenido txt
337 ## - TIPO DE MEDIO
Fuente rdamedio
Nombre/término del tipo de medio sin mediación
Código del tipo de medio n
338 ## - TIPO DE SOPORTE
Fuente rdasoporte
Nombre/término del tipo de soporte volumen
Código del tipo de soporte nc
505 ## - NOTA DE CONTENIDO CON FORMATO
Título PARTE 1 MATERIALES PARA EL CONCRETO
505 ## - NOTA DE CONTENIDO CON FORMATO
Título PARTE 2 PROPIEDADES DEL CONCRETO
505 ## - NOTA DE CONTENIDO CON FORMATO
Título PARTE 3 DOSIFICACIÓN DE LAS MEZCLAS Y PRUEBAS
505 ## - NOTA DE CONTENIDO CON FORMATO
Título PARTE 4 CIMBRA Y APUNTALAMIENTO
505 ## - NOTA DE CONTENIDO CON FORMATO
Título PARTE 5 DOSIFICACIÓN. MEZCLADO Y TRANSPORTE
505 ## - NOTA DE CONTENIDO CON FORMATO
Título Parte 6 COLADO DEL CONCRETO
505 ## - NOTA DE CONTENIDO CON FORMATO
Título Parte 7 ACABADO Y CURADO
505 ## - NOTA DE CONTENIDO CON FORMATO
Título Parte 8 CONCRETOS Y TÉCNICAS ESPECIALES
505 ## - NOTA DE CONTENIDO CON FORMATO
Título Parte 9 SISTEMAS DE CONSTRUCCIÓN DE EDIFICIOS
505 ## - NOTA DE CONTENIDO CON FORMATO
Título Parte 10 PRÁCTICAS ESPECIALIZADAS
505 ## - NOTA DE CONTENIDO CON FORMATO
Título Parte 11 CONCRETO PRECOLADO Y PRESFORZADO
505 ## - NOTA DE CONTENIDO CON FORMATO
Título Parte 12 CONCRETO ARQUITECTÓNICO
505 ## - NOTA DE CONTENIDO CON FORMATO
Título Parte 13 REPARACIÓN DEL CONCRETO E INYECCIÓN DE GROUT EN EL MISMO
520 ## - RESUMEN, ETC.
Sumario, etc. Los aspectos económicos, las exigencias ambientales y la aparicición de nuevas tecnologías han impulsado a los proveedores de concreto y constructores a desarrollar nuevos materiales y nuevos métodos. Esta edición se escribió para suministrar información acerca de los nuevos desarrollos, las prácticas que siguen aplicándose y una mirada hacia el futuro.
650 ## - PUNTO DE ACCESO ADICIONAL DE MATERIA--TÉRMINO DE MATERIA
Término de materia o nombre geográfico como elemento de entrada HORMIGÓN
650 ## - PUNTO DE ACCESO ADICIONAL DE MATERIA--TÉRMINO DE MATERIA
Término de materia o nombre geográfico como elemento de entrada INGENIERIA DE LA CONSTRUCCIÓN
650 ## - PUNTO DE ACCESO ADICIONAL DE MATERIA--TÉRMINO DE MATERIA
Término de materia o nombre geográfico como elemento de entrada MATERIALES DE CONSTRUCCIÓN
700 ## - ENTRADA AGREGADA--NOMBRE PERSONAL
Nombre de persona Ing. Hernán Pérez Castellanos
Fechas asociadas al nombre Profesor Tirular I.P.N.
Término indicativo de función/relación Traducción
942 ## - ELEMENTOS DE ENTRADA SECUNDARIOS (KOHA)
Fuente de la clasificación o esquema de estantería Clasificación Decimal Dewey
Tipo de ítem Koha Libros
Suprimir en OPAC No
945 ## - PROCESAMIENTO DE INFORMACIÓN LOCAL (OCLC)
a amlo
Existencias
Estatus retirado Estado de pérdida Fuente de la clasificación o esquema de estantería Estado de daño No para préstamo Biblioteca de origen Biblioteca actual Ubicación en estantería Fecha de adquisición Fuente de adquisición Número de inventario Total de préstamos Signatura topográfica completa Código de barras Visto por última vez Copia número Precio de reemplazo Tipo de ítem Koha
    Clasificación Decimal Dewey     CENTRO DE INFORMACIÓN A LA CONSTRUCCIÓN-CICON CENTRO DE INFORMACIÓN A LA CONSTRUCCIÓN-CICON Colección general 06/08/2025 compra 8.3.01.H.10033/97 t. 1   691.3 W116 t. 1 Cicon8.3.01.H.10033/ 06/08/2025 1 06/08/2025 Libros
    Clasificación Decimal Dewey     CENTRO DE INFORMACIÓN A LA CONSTRUCCIÓN-CICON CENTRO DE INFORMACIÓN A LA CONSTRUCCIÓN-CICON Colección general 06/08/2025 compra 8.3.01.H.10034/97 t. 2   691.3 W116 t.2   06/08/2025 1 06/08/2025 Libros
    Clasificación Decimal Dewey     CENTRO DE INFORMACIÓN A LA CONSTRUCCIÓN-CICON CENTRO DE INFORMACIÓN A LA CONSTRUCCIÓN-CICON Colección general 06/08/2025 compra 8.3.01.H.691.3 t.1   691.3 W116 t.1 c.2   06/08/2025 1 06/08/2025 Libros
    Clasificación Decimal Dewey     CENTRO DE INFORMACIÓN A LA CONSTRUCCIÓN-CICON CENTRO DE INFORMACIÓN A LA CONSTRUCCIÓN-CICON Colección general 06/08/2025 compra 8.3.01.H.691.3 t.2   691.3 W116 t.2 c.2   06/08/2025 2 06/08/2025 Libros